000 00281nam a2200121Ia 4500
008 190216s9999||||xx |||||||||||||| ||und||
100 _aSubir Kumar Banerjee
245 0 _aFinancial Management
260 _bSahithyasadan
_c1999
300 _a776p
650 _aCommerce
942 _cBK
999 _c5715
_d5715